| 000 | 00876nam a2200265 i 4500 | ||
|---|---|---|---|
| 003 | DO-SdBNP | ||
| 005 | 20250109140532.0 | ||
| 007 | ta | ||
| 008 | 250109b2023 dr ||||| |||| 00| 0 spa d | ||
| 020 | _a9789945800968 | ||
| 040 |
_aDO-SdBNP _bspa _cBNPHU _erda |
||
| 082 | 4 |
_222 _axxxx _bP979r |
|
| 100 |
_aPujols, Juan, _eautor _4aut. _986887 |
||
| 245 | 1 | 0 |
_aRenacer en otoño es vivir en primavera / _cJuan Pujols ; corrección, Alejandro Santana ; prólogo, Virgilio López Azuán |
| 250 | _aPrimera edición | ||
| 264 | 4 |
_aSanto Domingo : _beditor no identificado, _c2023. |
|
| 300 |
_a138 páginas ; _c20 cm. |
||
| 336 |
_atexto _btxt _2rdacontent |
||
| 337 |
_asin mediación _bn _2rdamedia |
||
| 338 |
_avolumen _bnc _2rdacarrier |
||
| 590 | _aInventariado, 2025/BT | ||
| 700 | 1 |
_4corr. _aSantana, Alejandro, _ecorrector _926590 |
|
| 910 | _aBtavárez | ||
| 942 |
_2ddc _cLBS1 |
||
| 999 |
_c58020 _d58020 |
||